| 000 | 00000nam##2200000za#4500 |
| 001 | 9.562535 |
| 003 | CaOODSP |
| 005 | 20221005083650 |
| 007 | cr ||||||||||| |
| 008 | 150406|2007||||xxc|||||o f|0| 0 eng|d |
| 020 | |a978-0-662-46465-5 |
| 022 | |a1925-0649 |
| 040 | |aCaOODSP|beng |
| 043 | |an-cn--- |
| 086 | 1 |aH113-5/2007-9E-PDF |
| 110 | 1 |aCanada. |bPest Management Regulatory Agency. |
| 245 | 10|aResponse from the Pest Management Regulatory Agency (PMRA) to the request for special reviews of pesticides from the David Suzuki Foundation |h[electronic resource] |
| 260 | |aOttawa - Ontario : |bHealth Canada. |c19 July 2007. |
| 300 | |a59p.|breferences, tables |
| 490 | 1 |aRe-evaluation note |x1925-0649|vREV2007-09 |
| 590 | |a11-09-Supp|b2011-06-30 |
| 775 | 08|tRéponse de l'Agence de réglementation de la lutte antiparasitaire (ARLA) à la demande d'examens spéciaux de pesticides faite par la fondation David Suzuki |w(CaOODSP)9.594934 |
| 830 | #0|aRe-evaluation note (Canada. Pest Management Regulatory Agency)|x1925-0649|vREV2007-09|w(CaOODSP)9.504460 |
| 856 | 40|ahttp://publications.gc.ca|qPDF|s241 KB|uhttps://publications.gc.ca/collections/collection_2011/sc-hc/H113-5-2007-9-eng.pdf|yREV2007-09 |